Explorations in number theory

Αποθηκεύτηκε σε:
Λεπτομέρειες βιβλιογραφικής εγγραφής
Κύριος συγγραφέας: Agnew, Jeanne, 1917-2000
Μορφή: Βιβλίο
Γλώσσα:English
Δημοσίευση: Monterey, Calif. : Brooks/Cole Pub. Co., c1972
Σειρά:Contemporary undergraduate mathematics series
Θέματα:
Ετικέτες: Προσθήκη ετικέτας
Δεν υπάρχουν, Καταχωρήστε ετικέτα πρώτοι!

MARC

LEADER 00000cam a2200000 i 4500
001 1/12345
008 110309s1972 eng d
020 |a 0-8185-0041-7 
035 |l 10109750 
040 |a GR-MY-UA  |b gre  |e aacr 
041 0 |a eng 
082 0 |a 512.7  |2 (22) 
100 1 |a Agnew, Jeanne,   |d 1917-2000. 
245 1 0 |a Explorations in number theory /  |c Jeanne Agnew 
260 |a Monterey, Calif. :   |b Brooks/Cole Pub. Co.,   |c c1972 
300 |a xi, 308 σ.;  |c 24 εκ. 
490 1 |a Contemporary undergraduate mathematics series 
504 |a περιέχει βιβλιογραφία : σ. 302 
650 0 0 |a Number theory. 
830 0 |a Contemporary undergraduate mathematics series 
852 |a INST  |b SAMOS  |c MAG  |e 20110309  |h 512.7 AGN  |p 005300032931  |q 005300032931  |t BK  |y 0 
901 |a BIBL3-2011-1 
909 |a Σ  |b 166972 
970 |a ΓΟΥΒΑΛΑ  |b ΒΑΣΩ  |z 2011/03/09